1444 1128 1923 1593 1409 1680 1694 1106 1664 1673 1149 1523 1181 1983 1969 1817 1567 1131 1447 1663 1719 1638 1095 1906 1025 1573 1173 1838 1495 1852 1955 1877 1615 1010 1732 1917 1016 1863 1298 1872 1347 1498 1542 1876 1156 1500 1396 1631 1383 1072 1316 1565 1544 1445 1196 1165 1762 1064 2000 1340 1667 1266 1216 1074 1539 1714 1135 1188 1706 1521 1951 1445 1350 1015 1449 1506 1195 1179 1669 1010 1400 1063 1002 1214 1885 1610 1422 1547 1564 1122 1918 1129 1400 1525 1563 1278 1258 1498 1593 BCNSPRNW ULIB Ver.6.0+V

เปลี่ยนเป็นภาษาไทย

Change to English
 แสดงรายละเอียดบรรณานุกรม
  กลับหน้าหลัก

Brief Record : Get Marc (ISO 2709) : E-mail record : QR code < ปิดหน้าต่าง
LEADER : 00000nam 2200000uu 4500
001    13399125075
003     ULIB
008    160610s2558||||th 000 0 tha d
020    ^a9786162234798
060 04 ^aWB100^bก425อ
100 0  ^aกาญจนา จันทร์สูง,^eบรรณาธิการ
245 00 ^aอาการวิทยาทางอายุรศาสตร์ =^bSymptomatology in generalmedicine. /^cบรรณาธิการ, กาญจนา จันทร์สูง และ ประณิธิ หงสประภาส
246 31 ^aSymptomatology in general medicine.
250    ^aพิมพ์ครั้งที่ 3
260    ^aขอนแก่น :^bคณะแพทยศาสตร์ มหาวิทยาลัยขอนแก่น,^c2558
300    ^a510 หน้า :^bภาพประกอบ
504    ^aบรรณานุกรม
650  4 ^aอายุรศาสตร์^vรวมเรื่อง
650  0 ^aการพยาบาลผู้ใหญ่
700 0  ^aประณิธิ หงสประภาส,^eบรรณาธิการ
710 2  ^aมหาวิทยาลัยขอนแก่น. ^bคณะแพทยศาสตร์
945    ^p500^l0^i001270
945    ^p500^l0^i001271
945    ^p500^l0^i001272
999    ^aเกษร โพธิ์สุวรรณ
รายการนี้ยังไม่มีแท็ก
คุณยังไม่ได้ล็อกอิน คุณสามารถมีกิจกรรมร่วมกับเว็บไซต์ได้ แต่ต้องล็อกอินก่อน ::
  ล็อกอิน

รายการสื่อสารสนเทศ

ลำดับที่ ประเภท เลขเรียก/บาร์โค้ด สถานที่ สถานะ
1. วิทยาศาสตร์การแพทย์ และสุขภาพ
วิทยาศาสตร์การแพทย์ และสุขภาพ
สถานะ=หนังสือเก่า
WB100 ก425อ ฉ.1 
  Barcode: 001270
ห้องสมุดวิทยาเขตสวรรค์ประชารักษ์
►ส่วนจัดเก็บหนังสือเก่า สปร
บนชั้น
  ขอยืม
2. วิทยาศาสตร์การแพทย์ และสุขภาพ
วิทยาศาสตร์การแพทย์ และสุขภาพ
สถานะ=หนังสือเก่า
WB100 ก425อ ฉ.2 
  Barcode: 001271
ห้องสมุดวิทยาเขตสวรรค์ประชารักษ์
►ส่วนจัดเก็บหนังสือเก่า สปร
บนชั้น
  ขอยืม
3. วิทยาศาสตร์การแพทย์ และสุขภาพ
วิทยาศาสตร์การแพทย์ และสุขภาพ
สถานะ=หนังสือเก่า
WB100 ก425อ ฉ.3 
  Barcode: 001272
ห้องสมุดวิทยาเขตสวรรค์ประชารักษ์
►ส่วนจัดเก็บหนังสือเก่า สปร
บนชั้น
  ขอยืม

รายการใกล้เคียง
    หัวเรื่อง [การพยาบาลผู้ใหญ่]

BibComment


ยังไม่เคยถูกคอมเมนท์

คอมเมนท์ทรัพยากรรายการนี้
  คอมเมนท์: อาการวิทยาทางอาย..


 Copyright 2026. Bcnsprnw @Library